Tiny Almost Useless Trivia XV Quiz Stats

 Plays Quiz Updated Sep 24, 2016

Challenge
Share
Tweet
Embed
Score 0/15 Timer 03:00
14 Plays Today
Question Answer % Correct
What 5-letter holiday gift giver is also called Father Christmas or Kris Kringle?Santa
87.2%
What last name is shared by famed crooner Frank and his singing daughter Nancy?Sinatra
83.6%
What country has its capital at Damascus?Syria
82.9%
What city-state were the warriors from in the movie '300'?Sparta
73.7%
What is the technical name of the human shoulder blade?scapula
63.2%
What word precedes 'cum laude' to create the term meaning 'with highest praise'?summa
63.1%
What native woman helped Lewis and Clark on their journeys westward?Sacagawea
58.7%
What Cub hit 66 home runs the year that Mark McGwire hit 70?Sammy Sosa
53.3%
Question Answer % Correct
On 'The Simpsons', what is the name of Marge's 6-time married sister?Selma
46.9%
What Roman playwright and leader is an anagram of the word 'encase'?Seneca
37.3%
What novel by Herman Hesse shares its title with the name of the founder of Buddhism?Siddhartha
34.9%
What is the name of the child of Olive Oyl in the Popeye comics?Swee' Pea
34.2%
What kind of Japanese noodles are made from buckwheat flour?soba
32.1%
What territory in Risk borders Ural, China, Mongolia, Yakutsk and Irkutsk?Siberia
26.6%
In Greek mythology, what terror is found paired with the Charybdis?Scylla
22.7%

You're not logged in!

Compare scores with friends on all Sporcle quizzes.
Join for Free
OR
Log In

You Might Also Like...

Show Comments

Extras

Top Quizzes Today


Score Distribution

Your Account Isn't Verified!

In order to create a playlist on Sporcle, you need to verify the email address you used during registration. Go to your Sporcle Settings to finish the process.

Report this User

Report this user for behavior that violates our Community Guidelines.

Details: